Asamblea de Poetas Jovenes de México /

Guardado en:
Detalles Bibliográficos
Autor principal: Zaid, Gabriel (comp.)
Formato: Libro
Idioma:Español
Colección:(La Creación Literaria)
Temas:
Etiquetas: Agrega una etiqueta
Sin etiquetas, Sé el primero en etiquetar este registro!

MARC

LEADER 00000nam^a2200000^a^4500
001 000069499
005 20250521000000.0
009 20260310091408.229
020 |a 968-23-1012-1 
037 |a Acervo ITESO - Biblioteca 
041 |a ESP 
082 |a 861.  |b ZAI 
100 |a Zaid, Gabriel  |e (comp.) 
245 1 0 |a Asamblea de Poetas Jovenes de México /  |c Comp. y presen. de Gabriel Zaid. 
264 |a México :  |b Siglo XXI,  |c 1980 
300 |a 290 p. 
336 |a texto  |b txt  |2 rdacontenido 
337 |a sin mediación  |b n  |2 rdamedio 
338 |a volumen  |b nc  |2 rdasoporte 
440 3 |a (La Creación Literaria) 
649 |a XX 
650 |a Literatura Mexicana -  |y Siglo XX 
650 |a Poesía Mexicana 
910 |a Fondo Armando Suárez Gómez 
920 |a Impresos - Libros 
930 |a Fondos Especiales 
940 |a Literatura 
905 |a 111 
901 |a 0700005790  |b IT2  |c ESP  |u 20250521 
902 |a https://opac.biblio.iteso.mx/vufind/Record/000069499